経済協力の現状と問題点(1974)
Zapisane w:
| Korporacja: | |
|---|---|
| Format: | Książka |
| Język: | Undetermined |
| Wydane: |
東京
通商産業調査会
1975
|
| Hasła przedmiotowe: | |
| Etykiety: |
Dodaj etykietę
Nie ma etykietki, Dołącz pierwszą etykiete!
|
| Thư viện lưu trữ: | Trung tâm Học liệu Trường Đại học Cần Thơ |
|---|
| LEADER | 00476nam a2200169Ia 4500 | ||
|---|---|---|---|
| 001 | CTU_80665 | ||
| 008 | 210402s9999 xx 000 0 und d | ||
| 082 | |a 330.9 | ||
| 082 | |b T877 | ||
| 110 | |a 通商産業省通商政策局 | ||
| 245 | 0 | |a 経済協力の現状と問題点(1974) | |
| 260 | |a 東京 | ||
| 260 | |b 通商産業調査会 | ||
| 260 | |c 1975 | ||
| 650 | |a Economic | ||
| 904 | |i Ngoc,Hải | ||
| 980 | |a Trung tâm Học liệu Trường Đại học Cần Thơ | ||